Obras del venerable maestro Juan de Avila, Clerico, Apóstol del Andalucía. Colección general de todos sus escritos.

Detalles Bibliográficos
Formato: Libro
Publicado: Madrid 1759
Materias:
Colección:Banco de datos
Acervo:Biblioteca del Convento de San Pablo. Yuririahupándaro. Guanajuato
Descripción Física:t. I
Tema general:Literatura
Notas:Buena. 2E, 1, 54 (17 1E1).
LEADER 00729nam a22001930004500
035 |a 34605 
036 |a 246 
245 1 0 |a Obras del venerable maestro Juan de Avila, Clerico, Apóstol del Andalucía. Colección general de todos sus escritos. 
260 |a Madrid  |b Tomás Francisco de Aoiz ed., Andrés Ortega imp.  |c 1759 
300 |a t. I 
500 |a Buena. 2E, 1, 54 (17 1E1). 
650 1 0 |a Literatura 
949 |a CRG-CY 
959 |a Ex convento de San Pablo, Museo Regional de Yuririahpúndaro, Guanajuato  |b CCC9 
960 |a Convento San Pablo Yuririahpúndaro, Guanajuato  |b DD86 
961 |a Agustina  |b OA 
942 |c CRG-CY 
943 |g Biblioteca del Convento de San Pablo. Yuririahupándaro. Guanajuato 
999 |c 955271  |d 955271